| 000 | 00344nam a22001457a 4500 | ||
|---|---|---|---|
| 020 | _a978-81-226-1056-7 | ||
| 082 |
_a894.812.3 _bRAJ/O |
||
| 100 | _aRAJALAKSHMI | ||
| 245 | _aORU VAZHIYUM KURE NIZHALUKALUM | ||
| 250 | _aTENTH | ||
| 260 |
_aTHRISSUR _bCURRENT BOOKS _c2019 |
||
| 300 | _a183 | ||
| 650 |
_aNOVEL MALAYALAM _zKERALA |
||
| 942 | _cBK | ||
| 999 |
_c7149 _d7149 |
||